Collettività d'oltremare francesi - Statistics

Statistiche generali
  • Questo quiz è stato fatto 4 volte
  • Il punteggio medio è 2 su 5
Statistiche sulle risposte
Capoluogo Collettività % Corretto
Papeete Polinesia francese
100%
Saint-Pierre Saint-Pierre e Miquelon
50%
Marigot Saint-Martin
25%
Matāʻutu Wallis e Futuna
25%
Gustavia Saint-Barthélemy
0%
Nessun quiz corrispondente trovato
Distribuzione punteggi
Percentuale di utenti per punteggio
Percentile per numero di risposta
I tuoi punteggi nel tempo
Non hai fatto questo quiz